| 000 | 00503nam a22001815i 4500 | ||
|---|---|---|---|
| 001 | 54813 | ||
| 003 | ES-MaACL | ||
| 005 | 20230906163027.0 | ||
| 007 | t| | ||
| 008 | 960729s1880 fr ||||1| fre d | ||
| 040 |
_aCAM _bspa _cCAM |
||
| 100 | 1 |
_aGagneur, M. L. _953228 |
|
| 245 | 1 | 4 |
_aLes vierges russes / _cpar M. L. Gagneur. |
| 250 | _a2e éd. | ||
| 260 |
_aParis : _bE. Dentu, _c1880 ( _fimprimerie de Ch. Noblet) |
||
| 300 |
_a[4], XI, [1] en bl., 524 p. ; _c19 cm. |
||
| 852 |
_aES-MaACL _jC-3047 |
||
| 999 |
_c54813 _d54813 |
||